00950cam a2200277 i 4500001000300000003000900003005001700012008004100029015001600070020001600086020001600102040003500118080000800153080001600161100004700177245008900224250002300313260004300336300003300379504001200412655005000424650002500474710003400499700004100533856009800574bgKOSZ 00520200408130907.0041010s2004 pl f f |000 0 pol  aPB 116/2003 a8301142960  a8301142979  cKOSZ 005/HRaWA NdKOSZ 005/HR a517 a(075.8+076)1 aKrysicki, Włodzimierzd(1905-2001)eAutor10aAnaliza matematyczna w zadaniach. nCz. 2 /cWłodzimierz Krysicki, Lech Włodarski. aWyd. 27 (2 dodr.). aWarszawa :bWydaw. Naukowe PWN,c2004. a491, [1] s. :bil. ;c24 cm. aIndeks. 4aĆwiczenia i zadania dla szkół wyższych 4aAnaliza matematyczna2 aWydawnictwo Naukowe PWN4pbl.1 aWłodarski, Lechd(1916-1997)eAutor uhttp://koha.tu.koszalin.pl/cgi-bin/koha/opac-detail.pl?biblionumber=46483yKatalog online BPK